| 000 | 00487nam a2200193Ia 4500 | ||
|---|---|---|---|
| 003 | IIN | ||
| 005 | 20240129151137.0 | ||
| 008 | 231217s9999 xx 000 0 und d | ||
| 020 |
_cRs.795.00 _a9789352705269 |
||
| 040 |
_aIIN _bEnglish |
||
| 082 |
_a616.0252 _bCLE |
||
| 100 | 1 | _aClement, I | |
| 245 | 1 |
_aTextbook on First Aid & Emergency Nursing _cI. Clement |
|
| 250 | _a2nd ed | ||
| 260 |
_bJaypee _aNew Delhi _c2019 |
||
| 300 | _axvii, 785 p. | ||
| 650 | 1 | _aFirst aid | |
| 942 | _cBOOK | ||
| 999 |
_c1005 _d1005 |
||